MARC

LEADER 00000nam0a2200000 4500
001 41981
005 20231031014752.0
010 |a 5857230381 
035 |a (RuTPU)RU\TPU\book\43125 
090 |a 41981 
100 |a 20020704d2001 k y0rusy50 ca 
101 0 |a rus 
102 |a RU 
105 |a a z 001zy 
200 1 |a Методология проектирования строительства подземных сооружений  |f А. В. Корчак 
210 |a Москва  |c Недра коммюникейшнс ЛТД  |d 2001 
215 |a 416 с.  |c ил. 
320 |a Библиогр.: с. 406-412 
610 1 |a геология 
610 1 |a инженерная геология 
610 1 |a подземные сооружения 
610 1 |a строительство 
610 1 |a проектирование 
610 1 |a классификация 
610 1 |a геосистемы 
610 1 |a формирование 
610 1 |a функционирование 
610 1 |a горные выработки 
610 1 |a крепь горная 
610 1 |a шахты 
675 |a 624.1  |v 3 
700 1 |a Корчак  |b А. В.  |g Андрей Владимирович 
801 1 |a RU  |b 63413507  |c 20020704  |g PSBO 
801 2 |a RU  |b 63413507  |c 20090807  |g PSBO 
942 |c BK